LEADER 01092nam a2200181 i 4500 001 000000174251 003 CaOOAMICUS 005 20080823000000.0 008 080823s1929 it u000 u fre u 013 $a151717 040 $aSeMil$bita 245 13$aLa Légende des «Enfances» de Charlemagne et l'histoire de Charles Martel. Les chansons de geste et le pèlerinage de Compostelle. La Chanson de Roland. De l'autoritédu manuscrit d'Oxford pour l'établissement du texte de la Chanson de Roland. 300 $a481 p. 500 $aContiene : Appendice. 773 0 $aBedier, Joseph$tLégendes épiques.$b3. édition.$dParis : Libr. ancienne H. Champion, Éd. E. Champion, 1926-1929.$g3$w()19983 850 $aSeMil 852 $aSeMil$W1$xVenegono$y1$m1W IV 3$j125090$B125090$CSeMilBibl$Z2$F136028 $81 996 $6245$aLa Légende des «Enfances» de Charlemagne et l'histoire de Charles Martel. Les chansons de geste et le pèlerinage de Compostelle. La Chanson de Roland. De l'autoritédu manuscrit d'Oxford pour l'établissement du texte de la Chanson de Roland$9(OLS)http://semarc/title/249710 LEADER 01636nam a2200265 i 4500 001 000000207379 003 CaOOAMICUS 005 20240807102959.0 008 111028s1761 it u000 u ita u 013 $a186157 026 $ai-li Maa- i.re glro (3) 1761 (R) 040 $aSeMil$bita 100 1 $aGoldoni, Carlo,$d<1707-1793>.$0(OLS)http://semarc/name/457 245 10$aTomo 9. [La donna di garbo; I mercanti; La buona madre; Il padre per amore]. 300 $aVII, [1], 339, [1] p., [6] carte di tav. :$bill., antip., ritr. calcogr. 500 $aIl fasc. *4 (p. I-VIII) contenente la dedica de La buona madre a Stefano Guerra, si trova correttamente posizionato prima della relativa commedia solo in alcuni esemplari; vedi L. Rossetto, Per un profilo dell'edizione goldoniana del Pasquali, in: Problemi di critica goldoniana, 2, Ravenna, Longo, 1995, p. 117, n. 61. (In questo esempl. si trova tra le carte L8 e M1 500 $aSegn.: *4 A-V8 X10 500 $aCarte di tav. dis. da P. A. Novelli e inc. da A. Baratti 700 1 $aNovelli, Pietro Antonio .$0(OLS)http://semarc/name/11397 700 1 $aBaratti, Antonio .$0(OLS)http://semarc/name/90145 773 0 $aGoldoni, Carlo <1707-1793>$tDelle commedie di Carlo Goldoni avvocato veneto. Tomo 1. [-17.].$dIn Venezia : Per Giambattista Pasquali, 1761.$g9$w()25652 850 $aSeMil 852 $aSeMil$W1$xVenegono$y1$m1N VI 9 FA$j157841$B157841$CSeMilBibl$Z2$F169079 $8I 996 $6245$aTomo 9. [La donna di garbo; I mercanti; La buona madre; Il padre per amore]$9(OLS)http://semarc/title/449723